00678nam a22001817a 4500003000500000005001700005007000200022020002300024082001500047100002600062245005300088260004300141300002400184505012800208942001200336999001900348952012900367NUST20221006125123.09 a978--93-528-6843-8 a621.3, GAT aPEARSON INDIA 999286 aGate Electrical Engineering 2019cPEARSON INDIA  aIndiabTrishna Knowledge Systemsc2018 axxviii: 1069: pages aPart-1: General Aptitude (Page-1-1), Part-2: Electrical Mathematics (Page-2-1), Part-3: Electrical Engineering (Page-3-1),  2ddccBK c591535d591535 00102ddc4070aMCSbMCScGENd2022-10-06o621.3,GATpMCS38341r2022-10-06w2022-10-06yBKzAlmirah Fresh No.45, Shelf No.1